Focus (Record no. 82172)

MARC details
000 -LEADER
fixed length control field 00961cab a22002055a 4500
001 - CONTROL NUMBER
control field L149426
008 - FIXED-LENGTH DATA ELEMENTS--GENERAL INFORMATION
fixed length control field 100304e20100922xxkd f s 000 0 eng d
035 ## - SYSTEM CONTROL NUMBER
System control number (Sirsi) u149426
041 0# - LANGUAGE CODE
Language code of text/sound track or separate title eng
100 1# - MAIN ENTRY--PERSONAL NAME
Personal name Smith, Melanie
245 00 - TITLE STATEMENT
Title Focus
Remainder of title London and South West Boroughs
260 ## - PUBLICATION, DISTRIBUTION, ETC.
Date of publication, distribution, etc. 2010
490 #0 - SERIES STATEMENT
Series statement Estates Gazette
Volume/sequential designation (1001) 9 January 2010, 52-67(11)
520 ## - SUMMARY, ETC.
Summary, etc. Expert predictions for 2010 market; problems surrounding the development of Battersea Power Station include funding an extension of the Northern Tube Line; Covent Garden Market Authority seeks a partner for developing its 57 acre site; obstacles to Waterloo's regeneration following rejection of Elizabeth House plans, doubt about Shell's plans for their HQ, redevelopment plans for Waterloo station to be submitted in March.
590 ## - LOCAL NOTE (RLIN)
Local note KA
651 #4 - SUBJECT ADDED ENTRY--GEOGRAPHIC NAME
Geographic name London
690 ## - LOCAL SUBJECT ADDED ENTRY--TOPICAL TERM (OCLC, RLIN)
Topical term or geographic name as entry element PROPERTY-COMMERCIAL PROPERTY-COMMERCIAL PROPERTY MARKET
700 1# - ADDED ENTRY--PERSONAL NAME
Personal name Cunningham, Daniel
942 ## - ADDED ENTRY ELEMENTS (KOHA)
Suppress in OPAC 0
Holdings
Withdrawn status Lost status Source of classification or shelving scheme Damaged status Not for loan Home library Current library Shelving location Date acquired Total Checkouts Full call number Barcode Date last seen Copy number Price effective from Koha item type
    Dewey Decimal Classification     London London Journal article 04/03/2010   L149426 L149426 06/08/2019 1 06/08/2019 Journal article